| 000 | 00860nas a2200277 4500 | ||
|---|---|---|---|
| 001 | BR0802468 | ||
| 003 | BR-BrBNA | ||
| 005 | 20231205112009.0 | ||
| 007 | ta | ||
| 008 | 230509b bl.|||p| |||| 00| 00por d | ||
| 040 |
_aBR-BrBNA _bpor _cBiblioteca Nacional de Agricultura |
||
| 041 | _a(Pt) | ||
| 072 | _aL20; L60 | ||
| 100 | 1 | _aMarques, A.P.C. | |
| 100 | 1 | _aRocha, R.A. | |
| 100 | 1 | _aTeles, B.R. | |
| 245 | 1 | _aFlutuação populacional de Willistoniella Milk e Ropalomera Wiedemann (Diptera: Ropalomeridae)na Amazônia Central | |
| 650 | _aINSETO | ||
| 650 | _aECOLOGIA ANIMAL | ||
| 650 | _aPONAR | ||
| 650 | _aDISTRIBUIÇÃO GEOGRÁFICA | ||
| 650 | _aAMAZÔNIA | ||
| 773 | 0 |
_tNeotropical Entomology (Brazil) _xISSN 1519-566X _g(Sep-Oct 2004), v. 33(5) p. 661-664 _wBR0802468 |
|
| 909 |
_a202311 _bLúcia _c55 _dLúcia Elande |
||
| 942 |
_2AGRIS _n0 _cANA |
||
| 999 |
_c195540 _d195540 |
||